Statystyki dla 15 najbardziej dotkniętych krajów Covid-19 - 25 sierpnia 2021

Kliknij tutaj aby rozwiązać quiz!

Ogólne statystyki

  • Ten quiz został rozwiązany 19 razy
  • Średni wynik to 12 z 26

Statystyki odpowiedzi

kraj% Poprawnych
Niemcy
94%
Stany Zjednoczone
94%
Rosja
88%
Francja
81%
Hiszpania
81%
Brazylia
75%
Indie
75%
Meksyk
75%
Włochy
75%
Wielka Brytania
69%
Argentyna
56%
Turcja
56%
Holandia
31%
Indonezja
31%
Iran
31%
Kolumbia
31%
Czechy
25%
Szwecja
25%
Izrael
19%
Panama
19%
Litwa
13%
Urugwaj
13%
Bahrajn
6%
Estonia
6%
Gruzja
6%
Słowenia
6%

Rozkład punktacji

Percentyl według liczby udzielonych odpowiedzi

Procent ludzi z każdym wynikiem

Twoja historia wyników

Nie rozwiązałeś tego quizu